00437cam a2200169ua 45000010005000000080039000050200018000440400009000620820011000711000023000822450052001052500009001572600040001663000017002066530014002236530030002372059110805n ii |||gr||||Z||||||asm a81-7339-111-4 cMAIN a370.54 aSharma, Tarun Kr.,1 aBharatar shikshar buranjeecby Tarun Kr. Sharma a3rd. aDibrugarh:bBanalata,997.aGuahati: a216p:c23cm. aEducation aBharatar shikshar uranjee